More 3-Picture Word Ladders Quiz Stats

Quiz Updated Jul 4, 2015

Challenge
Share
Tweet
Score 0/20 Timer 05:00
2 Plays Today
% Correct
Beer → Bear → Pear
99.6%
Wall → Ball → Bull
98.6%
Horn → Corn → Coin
96.7%
Goat → Boat → Boot
96.6%
Wave → Cave → Cage
96%
Cane → Cone → Coke
91.7%
Lake → Like → Bike
91.5%
Belt → Bell → Well
91.3%
Gold → Golf → Gulf
90.7%
Pill → Hill → Hall
87.8%
% Correct
Blow → Brow → Crow
87.3%
Pray → Play → Clay
86.3%
Math → Bath → Bats
81.8%
Tire → Wire → Wipe
81.4%
Hose → Rose → Ross
79.1%
Mold → Mole → Pole
77.4%
Gate → Cate → Cats
75.5%
Sand → Wand → Wind
65.8%
Star → Scar → Scan
56.1%
Knot → Snot → Snow
45.5%

You're not logged in!

Compare scores with friends on all Sporcle quizzes.
Join for Free
OR
Log In

You Might Also Like...

Show Comments

Extras

Top Quizzes Today


Score Distribution

Your Account Isn't Verified!

In order to create a playlist on Sporcle, you need to verify the email address you used during registration. Go to your Sporcle Settings to finish the process.

Report this User

Report this user for behavior that violates our Community Guidelines.

Details: